Источник рентгеновского излучения для облучения объектов большой площади; Письма в Журнал технической физики; Т. 78, № 6
| Parent link: | Письма в Журнал технической физики.— , 1975- Т. 78, № 6.— 2008.— [С. 103-109] |
|---|---|
| Diğer Yazarlar: | , , , , |
| Özet: | Заглавие с экрана Приведены результаты экспериментов с трехкольцевым большеплощадным диодом, проводившиеся на импульсном генераторе МИГ. Генератор МИГ позволяет получать в бегущей волне электрические импульсы мощностью около 2 TW при длительности импульса на полувысоте 50-60 ns (1.2-1.4 TW, 80-90 ns в наших экспериментах). В использованном режиме работы импульсного генератора МИГ амплитуда тока через нагрузку составляла 2 MA (ток релятивистского электронного пучка) при напряжении на диоде ~500 kV. Нагрузкой являлся большеплощадной вакуумный диод с тремя кольцевыми катодами. В данном режиме за счет согласования выходного сопротивления генератора МИГ с сопротивлением нагрузки в энергию релятивистского электронного пучка удалось передать до 20% от энергии, запасенной в конденсаторной батарее. Режим доступа: по договору с организацией-держателем ресурса |
| Dil: | Rusça |
| Baskı/Yayın Bilgisi: |
2008
|
| Konular: | |
| Online Erişim: | http://elibrary.ru/item.asp?id=20323513 |
| Materyal Türü: | Elektronik Kitap Bölümü |
| KOHA link: | https://koha.lib.tpu.ru/cgi-bin/koha/opac-detail.pl?biblionumber=653468 |
MARC
| LEADER | 00000naa0a2200000 4500 | ||
|---|---|---|---|
| 001 | 653468 | ||
| 005 | 20250227132346.0 | ||
| 035 | |a (RuTPU)RU\TPU\network\18909 | ||
| 035 | |a RU\TPU\network\18906 | ||
| 090 | |a 653468 | ||
| 100 | |a 20170303d2008 k||y0rusy50 ca | ||
| 101 | 0 | |a rus | |
| 102 | |a RU | ||
| 135 | |a drcn ---uucaa | ||
| 181 | 0 | |a i | |
| 182 | 0 | |a b | |
| 200 | 1 | |a Источник рентгеновского излучения для облучения объектов большой площади |f В. К. Петин [и др.] | |
| 203 | |a Текст |c электронный | ||
| 300 | |a Заглавие с экрана | ||
| 320 | |a [Библиогр.: с. 109 (24 назв.)] | ||
| 330 | |a Приведены результаты экспериментов с трехкольцевым большеплощадным диодом, проводившиеся на импульсном генераторе МИГ. Генератор МИГ позволяет получать в бегущей волне электрические импульсы мощностью около 2 TW при длительности импульса на полувысоте 50-60 ns (1.2-1.4 TW, 80-90 ns в наших экспериментах). В использованном режиме работы импульсного генератора МИГ амплитуда тока через нагрузку составляла 2 MA (ток релятивистского электронного пучка) при напряжении на диоде ~500 kV. Нагрузкой являлся большеплощадной вакуумный диод с тремя кольцевыми катодами. В данном режиме за счет согласования выходного сопротивления генератора МИГ с сопротивлением нагрузки в энергию релятивистского электронного пучка удалось передать до 20% от энергии, запасенной в конденсаторной батарее. | ||
| 333 | |a Режим доступа: по договору с организацией-держателем ресурса | ||
| 461 | |t Письма в Журнал технической физики |d 1975- | ||
| 463 | |t Т. 78, № 6 |v [С. 103-109] |d 2008 | ||
| 610 | 1 | |a электронный ресурс | |
| 610 | 1 | |a труды учёных ТПУ | |
| 610 | 1 | |a рентгеновские излучения | |
| 610 | 1 | |a облучение объектов | |
| 610 | 1 | |a электрические импульсы | |
| 701 | 1 | |a Петин |b В. К. | |
| 701 | 1 | |a Федюнин |b А. В. | |
| 701 | 1 | |a Шляхтун |b С. В. | |
| 701 | 1 | |a Орешкин |b В. И. |c специалист в области неразрушающего контроля |c старший научный сотрудник Томского политехнического университета, доктор физико-математических наук |f 1960- |g Владимир Иванович |3 (RuTPU)RU\TPU\pers\33653 | |
| 701 | 1 | |a Ратахин |b Н. А. |c физик |c заведующий кафедрой Томского политехнического университета, доктор физико-математических наук |f 1950- |g Николай Александрович |3 (RuTPU)RU\TPU\pers\35131 | |
| 801 | 2 | |a RU |b 63413507 |c 20170403 |g RCR | |
| 856 | 4 | |u http://elibrary.ru/item.asp?id=20323513 | |
| 942 | |c CF | ||